Vista normal Vista MARC

Entrada Nombre Corporativo

Número de registros utilizados en: 1

001 - NUMERO DE CONTROL

  • control field: 27526

003 - CONTROL NUMBER IDENTIFIER

  • control field: AR-RoUNA

005 - FECHA Y HORA DE LA ÚLTIMA TRANSACCIÓN

  • control field: 20251027114836.0

008 - ELEMENTOS DE DATOS DE LONGITUD FIJA

  • fixed length control field: 251027|| aca||aabn | a|a d

040 ## - FUENTE DE CATALOGACIÓN

  • Original cataloging agency: AR-RoUNA
  • Transcribing agency: AR-RoUNA

110 ## - NOMBRE CORPORATIVO

  • Nombre corporativo: Instituto de Estudios Territoriales.
  • Subordinate unit: Regional ONO - CAPER

670 ## - SOURCE DATA FOUND

  • Source citation: Work cat.: (AR-RoUNA)12193: Instituto de Estudios Territoriales. Regional ONO - CAPER., 18º Jornadas de la ciudad, 2023.